| 000 | 01304npm a2200289 i 4500 | ||
|---|---|---|---|
| 001 | 5292 | ||
| 003 | ES-MaACL | ||
| 005 | 20250928104140.0 | ||
| 007 | hzrazu bucu | ||
| 008 | 900427r19901641sp a 00010 spa d | ||
| 080 | _a9(465.2+467) | ||
| 080 | _a328(465.2+467) | ||
| 100 | 1 |
_aBlancas, Jerónimo de. _9126005 |
|
| 245 | 1 | 0 |
_aCoronaciones de los Serenissimos Reyes de Aragon _b: [Microforma] / _cescritas por Geronimo de Blancas... Con dos tratados del modo de tener Cortes, del mismo autor y de Geronimo Martel... Publicado... Iuan Francisco Andres de Vztarroz, con algunas notas. |
| 260 |
_aMadrid : _bAteneo Cientifico, Literario y Artistico, _c1990. |
||
| 300 |
_a1 carrete de microfilme : _bnegativo ; _c16 mm. |
||
| 500 | _aPublicado originalmente: Zaragoza, Diego Dormer, 1641, en 2 v. | ||
| 501 | _aCon: Modo de proceder en Cortes de Aragon / escrito por Geronimo de Blancas... | ||
| 501 | _aCon: Forma de celebrar Cortes en Aragon / escrita por Geronimo Martel... | ||
| 650 | 1 | 4 |
_aObras anteriores a 1800. _915661 |
| 700 | 1 |
_aMartel, Geronimo. _977151 |
|
| 700 | 1 |
_aAndrés de Uztárroz, Juan Francisco, _d1606-1653 _921601 |
|
| 740 | 0 | _aForma de celebrar Cortes en Aragon. | |
| 852 |
_aES-MaACL _jMC-383 _95409 |
||
| 942 |
_2udc _cMICROFORMA |
||
| 999 |
_c5292 _d5292 |
||